Facilitating human learning / (Record no. 10423)

MARC details
000 -LEADER
fixed length control field 00771nam a22002537i 4500
003 - CONTROL NUMBER IDENTIFIER
control field URS
005 - DATE AND TIME OF LATEST TRANSACTION
control field 20260128141551.0
008 - FIXED-LENGTH DATA ELEMENTS--GENERAL INFORMATION
fixed length control field 181015b xxu||||| |||| 00| 0 eng d
020 ## - INTERNATIONAL STANDARD BOOK NUMBER
International Standard Book Number 9789712368219
040 ## - CATALOGING SOURCE
Description conventions rda
Transcribing agency URS
Language of cataloging English
050 ## - LIBRARY OF CONGRESS CALL NUMBER
Classification number LB1060
Item number .Aq56 2015
100 ## - MAIN ENTRY--PERSONAL NAME
Personal name Aquino, Avelina M.,
Relator term author.
245 ## - TITLE STATEMENT
Title Facilitating human learning /
Statement of responsibility, etc Avelina M. Aquino.
264 ## - PUBLICATION, DISTRIBUTION, ETC. (IMPRINT)
Place of publication, distribution, etc Quezon City :
Name of publisher, distributor, etc Rex Printing Company, Incorporated,
Date of publication, distribution, etc ©2015.
300 ## - PHYSICAL DESCRIPTION
Extent 294 pages ;
Dimensions 25 cm.
336 ## - CONTENT TYPE
Content type term text
Content type code txt
Source rdacontent
337 ## - MEDIA TYPE
Media type term unmediated
Media type code n
Source rdamedia
338 ## - CARRIER TYPE
Carrier type term volume
Carrier type code nc
Source rdacarrier
500 ## - GENERAL NOTE
General note Includes index.
650 #0 - SUBJECT ADDED ENTRY--TOPICAL TERM
Topical term or geographic name as entry element Learning
Form subdivision Physiological aspects.
650 #0 - SUBJECT ADDED ENTRY--TOPICAL TERM
Topical term or geographic name as entry element Learning, Psychology of.
650 #0 - SUBJECT ADDED ENTRY--TOPICAL TERM
Topical term or geographic name as entry element Social learning.
942 ## - ADDED ENTRY ELEMENTS (KOHA)
Source of classification or shelving scheme Library of Congress Classification
Koha item type Filipiniana
Holdings
Withdrawn status Lost status Source of classification or shelving scheme Damaged status Not for loan Collection code Home library Current library Shelving location Date acquired Source of acquisition Total Checkouts Total Renewals Full call number Barcode Date last seen Date checked out Copy number Koha item type
    Library of Congress Classification     Non-fiction Taytay College Library Taytay College Library Filipiniana Section 10/15/2018 Purchased 1 2 LB1060 .Aq56 2015 URSTAY-4366 06/02/2025 02/26/2019 1 Filipiniana

University of Rizal System
Email us at univlibservices@urs.edu.ph

Visit our Website www.urs.edu.ph/library